000 00445nam a2200157Ia 4500
008 230711s9999||||xx |||||||||||||| ||und||
041 _aENG
082 _a624
_bMI-M
100 _aMitchell,Information Service
245 0 _aMitchell automobile heating and airconditioning systems
250 _a1st Ed.
260 _c1987
_aNew Delhi
_bUBS Publishers and Distributors Pvt.Ltd.
300 _a254
650 _aMechanical Engineering
942 _cBK
999 _c1678
_d1678